000 00685nam a2200241 a 4500
005 20210219153059.0
008 991125n 000 0 u
035 _aUPN01000076898
100 _aChaney, Mary
222 _aCONTEMPORARY EDUCATION
245 _aEnvironmental influence on stimulus screening in the classroom
300 _a318-323
362 _a62, No. 4, 1991
505 _aJunio 1992
653 0 _aADAPTACION DEL ESTUDIANTE
653 0 _aADAPTACION SOCIAL
653 0 _aAMBIENTE EN EL SALON DE CLASES
653 0 _aCONDUCTA DEL ESTUDIANTE
700 _aLockman, Carolyn D.
700 _aFlurkey, Deborah G.
904 _aAC
_b014709
905 _aArticulo
999 _c67970
_d67970